00726nam a2200169 a 4500003000200000005001700002008004100019050002600060100002700086245017700113260009000290300004000380504004100420650002200461650003600483650003700519020250422073539.0060727s19uu xx 00 eng d aPHS HQ 769b.C48 2006 aChua, Dannah Krista C. aA Comparative study on the effects of family structure on the social behavior of grade 11 students of Southville International School and Colleges /cDannah Krista C. Chua. aLas Piñas City, Philippines :bSouthville International School and Colleges,c2006. a37 pages :billustrations ;c28 cm. aIncludes bibliographical references. aFamily structure. aSocial behavior in adolescence. aTeenagersxFamily relationships.